Reminiscing on law brains : (Record no. 94857)

MARC details
000 -LEADER
fixed length control field 00633nam a22001937a 4500
005 - DATE AND TIME OF LATEST TRANSACTION
control field 20150903111004.0
010 ## - LCCN (DPL NO)
LC control number ENG-113448
020 ## - INTERNATIONAL STANDARD BOOK NUMBER
Terms of availability 795.00
International Standard Book Number 9789350355138
035 ## - SYSTEM CONTROL NUMBER
System control number EN-96980
037 ## - SOURCE OF ACQUISITION
Source of stock number/acquisition DBAD/PUB
082 ## - DEWEY DECIMAL CLASSIFICATION NUMBER
Classification number 340.092254
100 ## - MAIN ENTRY--PERSONAL NAME
Personal name Tahir Mahmood
245 ## - TITLE STATEMENT
Title Reminiscing on law brains :
Statement of responsibility, etc by Tahir Mahmood
Remainder of title bench, bar and academia /
260 ## - PUBLICATION, DISTRIBUTION, ETC. (IMPRINT)
Place of publication, distribution, etc Delhi
Name of publisher, distributor, etc Universal Law Publishing
Date of publication, distribution, etc 2015
270 ## - ADDRESS
Address A-58, G.T. Karnal Road Industrial Area,
City Delhi
Postal code 110033
300 ## - PHYSICAL DESCRIPTION
Extent xiv,426p.
Dimensions 25cm(Hb)
500 ## - GENERAL NOTE
General note Includes bibliographical references and index
942 ## - ADDED ENTRY ELEMENTS (KOHA)
Source of classification or shelving scheme Dewey Decimal Classification
Item type English Books
Call number suffix TAH
Classification part 340.092254
Holdings
Withdrawn status Lost status Not for loan Collection code Home library Current library Date acquired Source of acquisition Cost, normal purchase price Full call number Barcode Copy number Cost, replacement price Koha item type
    Not For Loan Non-fiction D.B.Act.Division D.B.Act.Division 13/07/2015 DBAD/PUB 795.00 340.092254 TAH EN-96980 1 795.00 English Books

© Delhi Public Library
Hit Counter
free hit counter